Welcome to CU Library Online Public Access Catalogue (OPAC)

World History of Design/ (Record no. 1930)

MARC details
000 -LEADER
fixed length control field 00463nam a22001577a 4500
003 - CONTROL NUMBER IDENTIFIER
control field OSt
005 - DATE AND TIME OF LATEST TRANSACTION
control field 20241203113523.0
008 - FIXED-LENGTH DATA ELEMENTS--GENERAL INFORMATION
fixed length control field 241203b |||||||| |||| 00| 0 eng d
040 ## -
-- .
050 ## - LIBRARY OF CONGRESS CALL NUMBER
Classification number NK1175
Item number .M37
100 ## - MAIN ENTRY--PERSONAL NAME
Personal name Margolin, Victor
245 ## - TITLE STATEMENT
Title World History of Design/
Remainder of title prehistoric times to World War I, Volume 1
Statement of responsibility, etc. Victor Margolin
260 ## - PUBLICATION, DISTRIBUTION, ETC.
Place of publication, distribution, etc. London
Name of publisher, distributor, etc. Bloomsbury Academic
Date of publication, distribution, etc. 2017
300 ## - PHYSICAL DESCRIPTION
Extent xvii.591p.
Other physical details ill. some color
Dimensions 24.5cm
942 ## - ADDED ENTRY ELEMENTS (KOHA)
Source of classification or shelving scheme Library of Congress Classification
Koha item type Books
Suppress in OPAC No
999 ## -
-- 1930
-- 1930
Holdings
Withdrawn status Lost status Source of classification or shelving scheme Damaged status Not for loan Collection Home library Current library Shelving location Date acquired Total checkouts Full call number Barcode Date last seen Copy number Price effective from Koha item type
    Library of Congress Classification     Non-fiction Science Library (Miotso) Science Library (Miotso) General stacks 12/03/2024   NK1175 .M37 MAR SLM00001129 12/03/2024 1 12/03/2024 Books
© 2023-2024 Copyright: Central University Libraries. All Rights Reserved | Created by: Mahone Tech Office